000 00979nac a22002897a 4500
001 BR0103100
003 BR-BrBNA
005 20240105122546.0
008 230509b bl.|||m| |||| 00| 0 por d
040 _aBR-BrBNA
_bpor
_cBiblioteca Nacional de Agricultura
072 _aF50; F70
090 _aF50 BR0103100
100 1 _aArens, K.
100 1 _aJaccoud, R.J.S.
100 1 _aRodrigues, W.A.
110 1 _aInstituto Nacional de Pesquisa da Amazonia, Manaus, AM (Brasil)
_96493
245 1 _aContribuicao para o estudo farmacognostico da Pluchea suaveolens (Vell.)O . Kuntze
260 3 _aRio de Janeiro, GB (Brasil):
_c1958.
300 _a12 p.
490 _aPublicacao. Botanica - Instituto Nacional de Pesquisas da Amazonia (Brazil)
_vno. 7
_x
500 _aSummary (En); 17 illus.; 19 ref.
650 _aPlanta Medicinal
650 _aCitologia Vegetal
650 _aFarmacologia
909 _a202312
_bLúcia Elande
_c55
_dLúcia Elande
942 _2AGRIS
_n0
_cMS
999 _c291651
_d291651